书目信息 |
| 题名: |
高等教育自学考试公共政治课贯彻十六大精神学习专辑
|
|
| 作者: | ;本书课题组 编 | |
| 分册: | ||
| 出版信息: | 北京 中国人民大学出版社 2003.6 |
|
| 页数: | 135页 | |
| 开本: | 20cm | |
| 丛书名: | ||
| 单 册: | ||
| 中图分类: | D229 | |
| 科图分类: | ||
| 主题词: | 中共十六大(2002)--文件--高等教育--自学考试--自学参考资料 | |
| 电子资源: | ||
| ISBN: | 7-300-04696-7 | |
| 000 | 01183nam0 2200289 450 | |
| 000 | 01146nam0 2200277 450 | |
| 000 | 01127nam0 2200277 450 | |
| 000 | 01073nam0 2200253 450 | |
| 000 | 01147nam0 2200241 450 | |
| 000 | 01110nam0 2200229 450 | |
| 001 | 0436751450 | |
| 005 | 20070111151732.28 | |
| 010 | @a7-300-04696-7@dCNY10.00 | |
| 100 | @a20040301d2003 km y0chiy0120 ea | |
| 101 | 0 | @achi |
| 102 | @aCN@b110000 | |
| 200 | 1 | @a高等教育自学考试公共政治课贯彻十六大精神学习专辑@AGao Deng Jiao Yu Zi Xue Kao Shi Gong Gong Zheng Zhi Ke Guan Che Shi Liu Da Jing Shen Xue Xi Zhuan Ji@f本书课题组编@FBen Shu Ke Ti Zu Bian |
| 210 | @a北京@c中国人民大学出版社@d2003.6 | |
| 215 | @a135页@d20cm | |
| 330 | @a本书主要内容包括马克思主义哲学原理、邓小平理论概论、法律基础与思想道德修养、毛泽东思想概论、马克思主义政治经济学原理、政治经济学原理(财经类)等。 | |
| 606 | @a中共十六大(2002)@x文件@x高等教育@x自学考试@x自学参考资料 | |
| 690 | @aD229@v4 | |
| 711 | @a本书课题组@ABen Shu Ke Ti Zu@4编 | |
| 801 | 0 | @aCN@b中图数据@c20070111 |
| 905 | @a10447@dD229@e106 | |
| 高等教育自学考试公共政治课贯彻十六大精神学习专辑/本书课题组编.-北京:中国人民大学出版社,2003.6 |
| 135页;20cm |
| ISBN 7-300-04696-7:CNY10.00 |
| 本书主要内容包括马克思主义哲学原理、邓小平理论概论、法律基础与思想道德修养、毛泽东思想概论、马克思主义政治经济学原理、政治经济学原理(财经类)等。 |
| ● |
| 相关链接 |
|
|
|
|
正题名:高等教育自学考试公共政治课贯彻十六大精神学习专辑
索取号:D229/106
 
预约/预借
| 序号 | 登录号 | 条形码 | 馆藏地/架位号 | 状态 | 备注 |
| 1 | 0613283 | 206132834 | 第一样本阅览室/ [索取号:D229/106] | 在馆 | |
| 2 | 0613284 | 206132843 | 密集书库/ [索取号:D229/106] | 在馆 | |
| 3 | 0613285 | 206132852 | 密集书库/ [索取号:D229/106] | 在馆 | |
| 4 | 0613286 | 206132861 | 密集书库/ [索取号:D229/106] | 在馆 | |
| 5 | 0613287 | 206132870 | 第一借阅区/ [索取号:D229/106] | 在馆 | |
| 6 | 0613288 | 206132889 | 第一借阅区/ [索取号:D229/106] | 在馆 | |
| 7 | 0613289 | 206132898 | 第一借阅区/ [索取号:D229/106] | 在馆 | |
| 8 | 0613290 | 206132905 | 密集书库/ [索取号:D229/106] | 在馆 | |
| 9 | 0613291 | 206132914 | 密集书库/ [索取号:D229/106] | 在馆 | |
| 10 | 0613292 | 206132923 | 第一借阅区/ [索取号:D229/106] | 在馆 |